[Event "October - 1500 - 1799"]
[Site "SchemingMind.com"]
[Date "2016.10.19"]
[Round "-"]
[White "Phillip Beckett"]
[Black "Mitch The Man"]
[Result "0-1"]
[WhiteCountry "ENG"]
[BlackCountry "USA"]
[WhiteElo "1581"]
[WhiteRD "59"]
[BlackElo "1489"]
[BlackRD "63"]
[GameID "405346"]

1. e4 e5 2. Nf3 Bd6 3. c3 Ne7 4. Bc4 Ng6 5. d4 O-O 6. dxe5 Nxe5 7. Nxe5 Bxe5 8. O-O c6 9. Qb3 b5 10. Be2 d6
11. f4 Bf6 12. Bf3 Be6 13. Qc2 g6 14. Be3 Bg7 15. Nd2 Bh6 16. a4 f6 17. axb5 Qd7 18. bxc6 Nxc6 19. Rae1 Rac8 20. Qa4 Qc7
21. Kh1 Bd7 22. Qb3+ Kg7 23. c4 Rb8 24. Qc2 Nb4 25. Qc3 Na2 26. Qa3 Nb4 27. Bd1 a5 28. Ba4 Nc6 29. g3 Bh3 30. Rg1 Nb4
31. Rc1 f5 32. exf5 Bxf5 33. h4 Rf7 34. Nf3 Be4 35. Bd4+ Kg8 36. Kh2 Nd3 37. Rc3 Rxb2+ 38. Kh3 Nf2+ 39. Kh2 Nd3+ 40. Rg2 Rxg2+
41. Kxg2 Bxf3+ 42. Kxf3 Qb7+ 43. Ke3 Re7+ 44. Kxd3 Qe4+ 45. Kd2 Qe2+ 46. Kc1 Qf1+ 47. Kb2 Rb7+ 48. Ka2 Qb1#
0-1

[Event "October - 1500 - 1799"]
[Site "SchemingMind.com"]
[Date "2016.10.19"]
[Round "-"]
[White "Mitch The Man"]
[Black "Scooter"]
[Result "0-1"]
[WhiteCountry "USA"]
[BlackCountry "USA"]
[WhiteElo "1547"]
[WhiteRD "63"]
[BlackElo "1735"]
[BlackRD "56"]
[GameID "405347"]

1. e4 c6 2. e5 d5 3. exd6 exd6 4. h3 Nf6 5. Bd3 g6 6. Qe2+ Be6 7. Nf3 Bg7 8. Ng5 Qe7 9. Nxe6 Qxe6 10. Qxe6+ fxe6
11. O-O Nbd7 12. a4 O-O-O 13. Ra2 Nc5 14. Be2 Nd5 15. b3 Nb4 16. Ra3 Nxc2 17. Ra2 Nd4 18. Bd1 Ndxb3 19. Bxb3 Nxb3 20. Ba3 Nd4
21. d3 Rhf8 22. Kh1 Nb3 23. Re1 e5 24. Rb2 Nc5 25. Bxc5 dxc5 26. Rb3 Rxf2 27. Kg1 Rf4 28. Kh2 Rxa4 29. Re2 Rad4 30. Re3 c4
31. dxc4 Rxc4 32. Nc3 Kc7 33. Kg3 Rdd4 34. Rf3 Rf4 35. Re3 Rf7 36. Ne4 Rd7 37. Ng5 Re7 38. Ne4 a5 39. Rbd3 b5 40. Nd6 Rc5
41. Ne4 Rd5 42. Rxd5 cxd5 43. Nf2 d4 44. Re4 b4 45. Nd3 b3 46. Kh2 a4 47. Nb4 Kd6
0-1

[Event "October - 1500 - 1799"]
[Site "SchemingMind.com"]
[Date "2016.10.19"]
[Round "-"]
[White "Scooter"]
[Black "Mitch The Man"]
[Result "0-1"]
[WhiteCountry "USA"]
[BlackCountry "USA"]
[WhiteElo "1735"]
[WhiteRD "56"]
[BlackElo "1547"]
[BlackRD "63"]
[GameID "405348"]

1. d4 d5 2. Bf4 e6 3. e3 a6 4. Nf3 f6 5. Be2 Bd6 6. Bxd6 Qxd6 7. c3 Ne7 8. O-O O-O 9. Nbd2 Bd7 10. b3 a5
11. c4 c6 12. cxd5 cxd5 13. Rc1 b5 14. Rc3 Na6 15. Qb1 b4 16. Rc2 Rac8 17. Rfc1 Rxc2 18. Rxc2 Rc8 19. Bxa6 Qxa6 20. Rxc8+ Qxc8
21. h3 Be8 22. e4 Bb5 23. exd5 Nxd5 24. Ne4 Nf4 25. Nd6 Bd3 26. Qxd3 Qc1+ 27. Qf1 Ne2+
0-1

[Event "October - 1500 - 1799"]
[Site "SchemingMind.com"]
[Date "2016.10.21"]
[Round "-"]
[White "Mitch The Man"]
[Black "kenneth m day"]
[Result "1/2-1/2"]
[WhiteCountry "USA"]
[BlackCountry "USA"]
[WhiteElo "1424"]
[WhiteRD "62"]
[BlackElo "1711"]
[BlackRD "58"]
[GameID "405349"]

1. e4 e5 2. Nf3 Nc6 3. c3 Nf6 4. Bd3 Bc5 5. O-O d6 6. h3 Qe7 7. Bc2 a6 8. b4 Ba7 9. d3 Bd7 10. a4 h6
11. Qe2 O-O 12. Be3 Bxe3 13. Qxe3 Nh5 14. Kh2 Nf4 15. a5 Qf6 16. Bb3 Qg6 17. g3 Bxh3 18. Rg1 Qh5 19. Nh4 g5 20. gxf4 Qxh4
21. Qg3 Qxg3+ 22. fxg3 Bd7 23. f5 Kg7 24. g4 Ne7 25. Kg3 Ng8 26. Rf1 Nf6 27. Na3 Rh8 28. Nc2 h5 29. Ne3 hxg4 30. Rh1 Rag8
31. Rxh8 Rxh8 32. Nxg4 Nh5+ 33. Kf2 Nf4 34. Bc2 Rh4 35. Ne3 c6 36. Rg1 f6 37. Ng4 Be8 38. Ke1 Bh5 39. Nf2 Bf3 40. Bb1 g4
41. Kd2 Rh2 42. Ke3 Kh6 43. Nxg4+ Bxg4 44. Rxg4 Ne2 45. Rg6+ Kh5 46. Ba2 Nxc3 47. Bf7 Nd1+ 48. Kf3 Rh3+ 49. Rg3+ Kh4 50. Rxh3+ Kxh3
51. Bh5 Nb2 52. Ke2 Na4 53. Kf2 Nb2 54. Be2 Na4 55. Bf1+ Kh4 56. Kf3 Nb2 57. Kg2 Nd1 58. Kf3=
1/2-1/2

[Event "October - 1500 - 1799"]
[Site "SchemingMind.com"]
[Date "2016.10.21"]
[Round "-"]
[White "kenneth m day"]
[Black "Mitch The Man"]
[Result "1-0"]
[WhiteCountry "USA"]
[BlackCountry "USA"]
[WhiteElo "1705"]
[WhiteRD "56"]
[BlackElo "1489"]
[BlackRD "63"]
[GameID "405350"]

1. e4 e5 2. f4 Bd6 3. Nf3 Qe7 4. Bc4 h6 5. Nc3 c6 6. d4 Nf6 7. fxe5 O-O 8. O-O Bc7 9. exf6 Qxf6 10. Be3 b5
11. Bd3 Qe7 12. Qd2 a6 13. Rae1 Qf6 14. Ne5 Qg6 15. Nxg6
1-0

[Event "October - 1500 - 1799"]
[Site "SchemingMind.com"]
[Date "2016.10.23"]
[Round "-"]
[White "Mitch The Man"]
[Black "buddhastalin"]
[Result "0-1"]
[WhiteCountry "USA"]
[BlackCountry "USA"]
[WhiteElo "1480"]
[WhiteRD "64"]
[BlackElo "1754"]
[BlackRD "74"]
[GameID "405511"]

1. e4 c5 2. c4 e6 3. e5 d5 4. exd6 Bxd6 5. Be2 Nc6 6. Nf3 Nf6 7. O-O O-O 8. a3 Qc7 9. d3 b6 10. Bd2 Bb7
11. g3 Rfd8 12. Bc3 e5 13. Nbd2 Nd4 14. Bxd4 exd4 15. Nh4 Re8 16. Nf5 Be5 17. Bf3 g6 18. Bxb7 Qxb7 19. Nh4 Bc7 20. Nhf3 Nd7
21. h3 Ne5 22. Nxe5 Bxe5 23. Re1 b5 24. Qb3 a6 25. cxb5 axb5 26. Ne4 Rac8 27. f4 Bg7 28. Qc2 Qd5 29. b3 c4 30. bxc4 bxc4
31. Qa4 cxd3 32. Nf6+ Bxf6 33. Rxe8+ Rxe8 34. Qxe8+ Kg7 35. Rd1 Qf3 36. Qe1 Qe2 37. Qxe2 dxe2 38. Re1 d3
0-1

[Event "October - 1500 - 1799"]
[Site "SchemingMind.com"]
[Date "2016.10.23"]
[Round "-"]
[White "buddhastalin"]
[Black "Mitch The Man"]
[Result "1/2-1/2"]
[WhiteCountry "USA"]
[BlackCountry "USA"]
[WhiteElo "1676"]
[WhiteRD "67"]
[BlackElo "1424"]
[BlackRD "62"]
[GameID "405512"]

1. d4 d5 2. Nf3 f6 3. Nc3 e6 4. e4 c6 5. Bd3 Bd6 6. O-O Ne7 7. Re1 O-O 8. e5 Bb4 9. exf6 Rxf6 10. Bg5 Rf8
11. Ne5 Qe8 12. Bxe7 Qxe7 13. Qh5 g6 14. Qg4 Qf6 15. Qg3 Nd7 16. Rf1 Nxe5 17. dxe5 Qg7 18. Ne2 Ba5 19. f4 Bb6+ 20. Kh1 Bd7
21. Nc3 Bd4 22. Nd1 b5 23. c3 Bxe5 24. Ne3 Bd6 25. Rae1 Rf7 26. Ng4 Raf8 27. Ne5 Bxe5 28. fxe5 Rxf1+ 29. Rxf1 Rxf1+ 30. Bxf1 a5
31. Qg5 h6 32. Qd8+ Kh7 33. Qc7 Qf7 34. Kg1 h5 35. Qxa5 Qf4 36. Qc7 Qf7 37. Qb6 Qe7 38. g3 h4 39. Qe3 hxg3 40. Qxg3 Qc5+
41. Kh1 Qe7 42. Bd3 Qg7 43. h4 Be8 44. Qg5 Kg8 45. b4 Qf7 46. Kg2 Qg7 47. Kg3 Kh7 48. h5 Bf7 49. hxg6+ Bxg6 50. Bxg6+ Qxg6
51. Qxg6+ Kxg6 52. Kg4=
1/2-1/2

[Event "October - 1500 - 1799"]
[Site "SchemingMind.com"]
[Date "2016.10.24"]
[Round "-"]
[White "David Hartley"]
[Black "buddhastalin"]
[Result "1-0"]
[WhiteCountry "ENG"]
[BlackCountry "USA"]
[WhiteElo "1802"]
[WhiteRD "79"]
[BlackElo "1650"]
[BlackRD "69"]
[GameID "405513"]

1. e4 c5 2. Nf3 g6 3. d4 cxd4 4. Nxd4 Nc6 5. c4 Bg7 6. Be3 Nf6 7. Nc3 O-O 8. Be2 d6 9. O-O Bd7 10. Qd2 Re8
11. Rac1 Qa5 12. a3 Rac8 13. Nxc6 Bxc6 14. Bd3 Ng4 15. Bg5 Qe5 16. Bf4 Qa5 17. f3 Bd4+ 18. Kh1 Nf6 19. Be3 Bxe3 20. Qxe3 a6
21. Be2 b5 22. Nd5 Kg7 23. Nxf6 exf6 24. cxb5 axb5 25. b4 Qa8 26. Qb6 d5 27. exd5 Bxd5 28. Rxc8 Qxc8 29. Qxb5 Qe6 30. Bd3 Bc6
31. Qb6 Qd7 32. Bc4 Re5 33. Qf2 Qe7 34. Ra1 Ba4 35. h3 Qc7 36. Qf1
1-0

[Event "October - 1500 - 1799"]
[Site "SchemingMind.com"]
[Date "2016.10.24"]
[Round "-"]
[White "buddhastalin"]
[Black "David Hartley"]
[Result "0-1"]
[WhiteCountry "USA"]
[BlackCountry "ENG"]
[WhiteElo "1754"]
[WhiteRD "74"]
[BlackElo "1861"]
[BlackRD "73"]
[GameID "405514"]

1. d4 Nf6 2. Bg5 e6 3. Nc3 h6 4. Bh4 d6 5. e4 e5 6. Nf3 exd4 7. Nxd4 Bd7 8. Bc4 Be7 9. O-O O-O 10. f4 Nc6
11. Nf3 Nxe4 12. Nxe4 Bxh4 13. Nxh4 Qxh4 14. Nc5 Bg4
0-1

[Event "October - 1500 - 1799"]
[Site "SchemingMind.com"]
[Date "2016.10.23"]
[Round "-"]
[White "Erik Johnson"]
[Black "buddhastalin"]
[Result "0-1"]
[WhiteCountry "USA"]
[BlackCountry "USA"]
[WhiteElo "1674"]
[WhiteRD "67"]
[BlackElo "1754"]
[BlackRD "74"]
[GameID "405515"]

1. e4 d5 2. exd5 Qxd5 3. Nc3 Qd6 4. Nf3 Nf6 5. d4 a6 6. Bd3 Nc6 7. Be3 Bg4 8. Be2 e6 9. Qd2 Be7 10. h3 Bh5
11. g4 Bg6 12. g5 Nd5 13. Nxd5 exd5 14. h4 O-O-O 15. h5 Bf5 16. O-O-O Qe6 17. Qc3 Bb4 18. Qb3 Rhe8 19. Bd3 Bg4 20. Be2 Qe4
21. a3 Bxa3 22. Qxa3 Bxf3 23. Bxf3 Qxf3 24. Rdg1 Re4 25. Rg3 Qxh1+ 26. Kd2 Nxd4 27. Bxd4 Rxd4+ 28. Rd3 Rxd3+ 29. Qxd3 Qe4 30. Qh3+ Kb8
31. Qc3 d4 32. Qc5 Qd5 33. Qe7 d3 34. cxd3 Qxd3+
0-1

[Event "October - 1500 - 1799"]
[Site "SchemingMind.com"]
[Date "2016.10.23"]
[Round "-"]
[White "buddhastalin"]
[Black "Erik Johnson"]
[Result "1-0"]
[WhiteCountry "USA"]
[BlackCountry "USA"]
[WhiteElo "1668"]
[WhiteRD "66"]
[BlackElo "1671"]
[BlackRD "72"]
[GameID "405516"]

1. d4 Nf6 2. Bg5 Ne4 3. Bf4 g5 4. f3 gxf4 5. fxe4 Bg7 6. Nf3 d5 7. e5 f6 8. Nc3 fxe5 9. Nxe5 Bxe5 10. dxe5 d4
11. Ne4 Bf5 12. Nf2 Nc6 13. Qd2 Qd5 14. Nd3 Nxe5 15. Nxf4 Qe4 16. Nd3 Nxd3+ 17. Qxd3 O-O-O 18. O-O-O Qf4+ 19. Qd2 Qe5 20. g3 Rd6
21. Bg2 Rhd8 22. Rhf1 Ra6 23. Qb4 Rb6 24. Qa3 a6 25. Rf4 Bxc2 26. Kxc2 d3+ 27. exd3 Qe2+ 28. Rd2 Qe5 29. Rb4 Qc5+ 30. Rc4 Qe5
31. Be4 Rdd6 32. Qc3 Qxc3+ 33. Rxc3 c6 34. d4 Rb4 35. Bxh7 Rbxd4 36. Rxd4 Rxd4 37. Re3 Kd8 38. Rd3 e5 39. Rxd4+ exd4 40. g4 c5
41. g5 Ke8 42. g6 Kf8 43. h4 Kg7 44. h5 b6 45. Kd3 Kh6 46. Bg8 Kxh5 47. Bf7 Kh6 48. a3 Kg7 49. Ke4 Kf6 50. b4 Kg7
51. bxc5 bxc5 52. Kd5 d3 53. Kxc5 d2 54. Bb3 Kxg6 55. Kb6 Kf6 56. Kxa6 Ke5 57. Kb6 Kd4 58. a4 Kc3 59. Bd1 Kb2 60. a5 Kc1
61. Ba4
1-0

[Event "October - 1500 - 1799"]
[Site "SchemingMind.com"]
[Date "2016.10.23"]
[Round "-"]
[White "Phillip Beckett"]
[Black "buddhastalin"]
[Result "0-1"]
[WhiteCountry "ENG"]
[BlackCountry "USA"]
[WhiteElo "1561"]
[WhiteRD "64"]
[BlackElo "1668"]
[BlackRD "66"]
[GameID "405517"]

1. d4 e6 2. e3 c5 3. c3 d5 4. Bd3 Nc6 5. Nd2 Nf6 6. Ngf3 cxd4 7. exd4 Bd6 8. O-O O-O 9. Qe2 a6 10. Re1 Re8
11. Nf1 Qc7 12. Ng3 e5 13. dxe5 Nxe5 14. Nxe5 Bxe5 15. Qf1 Be6 16. f4 Bd6 17. Bd2 Qb6+ 18. Kh1 d4 19. cxd4 Qxd4 20. Bc3 Qxf4
21. Qxf4 Bxf4 22. Ne4 Nd5 23. Bd2 Bxd2 24. Nxd2 Nf4 25. Bf1 Rad8 26. Nf3 Nd3 27. Bxd3 Rxd3 28. Ne5 Rd2 29. b3 Bd5 30. Nf3 Rde2
31. Rxe2 Rxe2 32. Rd1 Bc6 33. Rd8+ Re8 34. Rxe8+ Bxe8 35. Kg1 Kf8 36. Nd4 Bd7 37. g3 Ke7 38. Kf2 Kf6 39. Ke3 Kg5 40. Nf3+ Kf5
41. Nd4+ Ke5 42. Nf3+ Kf5 43. Nd4+ Kf6 44. Kf4 Bh3 45. Ne2 g5+ 46. Ke3 Ke5 47. Ng1 Bg2 48. Ne2 Bc6 49. Nd4 f5 50. Ne2 h5
51. Nc3 f4+ 52. gxf4+ gxf4+ 53. Kf2 b5 54. Nb1 Kd4 55. Ke2 Be4 56. Nd2 Bd5 57. Nb1 Be4 58. Nd2 Bh1 59. Nf3+ Bxf3+ 60. Kxf3 Ke5
61. b4 Kf5 62. a3 h4 63. h3 Ke5 64. Kg4 Ke4 65. Kxh4 Ke3 66. Kg5 f3 67. h4 f2
0-1

[Event "October - 1500 - 1799"]
[Site "SchemingMind.com"]
[Date "2016.10.23"]
[Round "-"]
[White "buddhastalin"]
[Black "Phillip Beckett"]
[Result "1-0"]
[WhiteCountry "USA"]
[BlackCountry "ENG"]
[WhiteElo "1676"]
[WhiteRD "67"]
[BlackElo "1577"]
[BlackRD "64"]
[GameID "405518"]

1. d4 d5 2. Bg5 Nf6 3. Nc3 e6 4. e4 Be7 5. e5 Nfd7 6. Bxe7 Qxe7 7. Bd3 c5 8. Nb5 Na6 9. Nd6+ Kd8 10. c3 c4
11. Bc2 Nb6 12. Nf3 Nc7 13. O-O a6 14. Qd2 Nb5 15. Ng5 Nxd6 16. exd6 Qd7 17. Qf4 f6 18. Nf3 Re8 19. Bxh7 Qf7 20. Ne5 Qh5
21. d7 Bxd7 22. Nxd7 Kxd7 23. Bc2 e5 24. dxe5 fxe5 25. Qg3 Rad8 26. Qxg7+ Re7 27. Qg6 Qxg6 28. Bxg6 Rg8 29. Bf5+ Kd6 30. Rfe1 Reg7
31. g3 e4 32. Rad1 Na4 33. Bxe4 Nxb2 34. Rxd5+ Kc7 35. Rb1 Nd3 36. Bxd3 cxd3 37. Rxd3
1-0

[Event "October - 1500 - 1799"]
[Site "SchemingMind.com"]
[Date "2016.10.23"]
[Round "-"]
[White "Scooter"]
[Black "buddhastalin"]
[Result "0-1"]
[WhiteCountry "USA"]
[BlackCountry "USA"]
[WhiteElo "1717"]
[WhiteRD "54"]
[BlackElo "1676"]
[BlackRD "67"]
[GameID "405519"]

1. d4 e6 2. Nf3 c5 3. c3 d5 4. Bf4 Nc6 5. e3 Nf6 6. Bb5 Bd7 7. O-O a6 8. Bxc6 bxc6 9. Nbd2 cxd4 10. cxd4 c5
11. dxc5 Bxc5 12. Ne5 O-O 13. Nxd7 Qxd7 14. a3 Rfc8 15. b4 Be7 16. Rc1 Rxc1 17. Qxc1 Rc8 18. Qb2 Nh5 19. Be5 Bf6 20. Bxf6 Nxf6
21. Rc1 Ne8 22. Nb3 Rxc1+ 23. Qxc1 Nd6 24. Nc5 Qc6 25. Nd3 Qxc1+ 26. Nxc1 Nc4 27. a4 Nb2 28. a5 Kf8 29. Nb3 Nd3 30. b5 Nb4
31. b6 Nc6 32. g4 Ke8 33. Nc5 Kd8 34. f4 Nxa5 35. Nxa6 Kc8 36. Nc5 Nb7 37. Na6 Na5 38. Nc5 Nb7 39. Na6 Kd7 40. Nb4 Nc5
41. Kf2 Kd6 42. Ke2 Nb7 43. Kd3 Kc5 44. Nc2 Kxb6 45. Kd4 Nd6 46. Ke5 Kc5 47. Nd4 Nc4#
0-1

[Event "October - 1500 - 1799"]
[Site "SchemingMind.com"]
[Date "2016.10.23"]
[Round "-"]
[White "buddhastalin"]
[Black "Scooter"]
[Result "1-0"]
[WhiteCountry "USA"]
[BlackCountry "USA"]
[WhiteElo "1740"]
[WhiteRD "72"]
[BlackElo "1735"]
[BlackRD "56"]
[GameID "405520"]

1. d4 Nf6 2. Bg5 Ne4 3. Bh4 g5 4. Bg3 Nxg3 5. hxg3 d5 6. Nc3 Bf5 7. e3 e6 8. Nf3 Bg7 9. Bd3 Bxd3 10. Qxd3 h6
11. O-O-O Nc6 12. e4 dxe4 13. Nxe4 Qe7 14. Nc5 O-O-O 15. Qb5
1-0

[Event "October - 1500 - 1799"]
[Site "SchemingMind.com"]
[Date "2016.10.23"]
[Round "-"]
[White "buddhastalin"]
[Black "kenneth m day"]
[Result "1-0"]
[WhiteCountry "USA"]
[BlackCountry "USA"]
[WhiteElo "1668"]
[WhiteRD "66"]
[BlackElo "1698"]
[BlackRD "55"]
[GameID "405521"]

1. d4 Nf6 2. Bg5 Ne4 3. Bf4 d5 4. f3 Nf6 5. Nc3 Bf5 6. Qd2 Nbd7 7. O-O-O e6 8. e3 Bd6 9. Bg3 O-O 10. Nge2 c5
11. Bxd6 Re8 12. Nb5 Nb6 13. dxc5 Nc4 14. Qc3 Nxd6 15. Nxd6 Re7 16. Nxf5 exf5 17. Nf4 Rc8 18. Bd3 Qd7 19. e4 d4 20. Qb4 fxe4
21. fxe4 Nxe4 22. Bb5 Qf5 23. Nd3 Rec7 24. Rhf1 Qg5+ 25. Kb1 Qxg2 26. Qxd4 f6 27. Nf4 Qxh2 28. Qxe4 Rxc5 29. Qe6+ Kh8 30. Ng6+ hxg6
31. Rh1 Qh6 32. Rxh6+ gxh6 33. Qxf6+
1-0

[Event "October - 1500 - 1799"]
[Site "SchemingMind.com"]
[Date "2016.10.23"]
[Round "-"]
[White "kenneth m day"]
[Black "buddhastalin"]
[Result "1-0"]
[WhiteCountry "USA"]
[BlackCountry "USA"]
[WhiteElo "1698"]
[WhiteRD "55"]
[BlackElo "1668"]
[BlackRD "66"]
[GameID "405522"]

1. e4 d5 2. exd5 Qxd5 3. Nc3 Qd6 4. d4 Nf6 5. Nf3 a6 6. Bc4 Nc6 7. O-O Bg4 8. Be3 e6 9. h3 Bh5 10. Bd3 Be7
11. Be2 O-O 12. a3 Rad8 13. Qd2 Bg6 14. Rad1 Rd7 15. Rfe1 Rfd8 16. Bf4 e5 17. dxe5 Qxd2 18. Rxd2 Rxd2 19. exf6 Rxc2 20. Bc1 Bxf6
21. Bc4 Bxc3 22. bxc3 Rxc3 23. Ba2 h6 24. Nh4 Bh7 25. Nf3 Kf8 26. Kh2 Nd4 27. Nxd4 Rxd4 28. Bb2 Rc2 29. Bxd4 Rxa2 30. Kg3 Rxa3+
31. Kh2 Ra5 32. Bc3 Rb5 33. Rd1 g5 34. Bf6
1-0